000 00225 a2200097 4500
001 18159
100 _aRoberts, N P
245 _aWorked example in the theory of Structures
260 _a
_bMacdonald
_c
090 _c13453
_d13453
942 _aNUST-CAE
_cM
_c3840
999 _c253232
_d253232